LIBRARY & INFORMATION CENTRE, KCAET, TAVANUR

ONLINE PUBLIC ACCESS CATALOGUE (OPAC)

Text book of Machine Design / (Record no. 102)

MARC details
000 -LEADER
fixed length control field 00451cam a2200181ua 4500
003 - CONTROL NUMBER IDENTIFIER
control field OSt
003 - CONTROL NUMBER IDENTIFIER
control field OSt
008 - FIXED-LENGTH DATA ELEMENTS--GENERAL INFORMATION
fixed length control field 250310b |||||||| |||| 00| 0 eng d
020 ## - INTERNATIONAL STANDARD BOOK NUMBER
ISBN 9788121925372
082 ## - DEWEY DECIMAL CLASSIFICATION NUMBER
Classification number 621.815
Item number KHU/TE
100 ## - MAIN ENTRY--AUTHOR NAME
Personal name Khurmi, R. S.
100 ## - MAIN ENTRY--AUTHOR NAME
Personal name Gupta, J K.
245 ## - TITLE STATEMENT
Title Text book of Machine Design /
250 ## - EDITION STATEMENT
Edition statement 11 / 14
260 ## - PUBLICATION, DISTRIBUTION, ETC. (IMPRINT)
Place of publication India :
Name of publisher Eurasia Publishing House Pvt Ltd ,
Year of publication 2005.
-- 2011.
300 ## - PHYSICAL DESCRIPTION
Number of Pages 921 ; .
942 ## - ADDED ENTRY ELEMENTS (KOHA)
Koha item type Books
Holdings
Withdrawn status Lost status Damaged status Home library Current library Date acquired Full call number Accession Number Koha item type Shelving location Collection code Source of acquisition Cost, normal purchase price
      KAUAET KAUAET 07/04/2012 621.815 KHU/TE 18820 Books        
      KAUAET KAUAET 07/04/2012 621.815 KHU/TE 18822 Books        
      KAUAET KAUAET 07/04/2012 621.815 KHU/TE 22196 Books        
Withdrawn     KAUAET KAUAET 07/04/2012 621.815 KHU/TE 18819 Books        
      KAUAET KAUAET 07/04/2012 621.815 KHU/TE 18821 Books Binding Shelf      
      KAUAET KAUAET 07/04/2012 621.815 KHU/TE 20901 Books        
      KAUAET KAUAET 07/04/2012 621.815 KHU/TE 20902 Books        
      KAUAET KAUAET 07/04/2012 621.815 KHU/TE 20903 Books        
      KAUAET KAUAET 07/04/2012 621.815 KHU/TE 20904 Books        
      KAUAET KAUAET 07/04/2012 621.815 KHU/TE 20905 Books        
      KAUAET KAUAET 07/04/2012 621.815 KHU/TE 21737 Books        
      KAUAET KAUAET 07/04/2012 621.815 KHU/TE 21996 Books        
      KAUAET KAUAET 07/04/2012 621.815 KHU/TE 21995 Books        
      KAUAET KAUAET 07/04/2012 621.815 KHU/TE 21999 Books        
      KAUAET KAUAET 07/04/2012 621.815 KHU/TE 21998 Books        
      KAUAET KAUAET 07/04/2012 621.815 KHU/TE 21997 Books        
      KAUAET KAUAET 07/04/2012 621.815 KHU/TE 22198 Books        
      KAUAET KAUAET 07/04/2012 621.815 KHU/TE 22197 Books        
      KAUAET KAUAET 07/04/2012 621.815 KHU/TE 22195 Books        
      KAUAET KAUAET 07/04/2012 621.815 KHU/TE 22194 Books        
      KAUAET KAUAET 31/03/2012 621.815 KHU/TE 22373 Books General Stacks Non-fiction    
      KAUAET KAUAET 31/03/2012 621.815 KHU/TE 22374 Books General Stacks Non-fiction    
      KAUAET KAUAET 31/03/2012 621.815 KHU/TE 22375 Books General Stacks Non-fiction    
      KAUAET KAUAET 31/03/2012 621.815 KHU/TE 22376 Books General Stacks Non-fiction    
      KAUAET KAUAET 31/03/2012 621.815 KHU/TE 22377 Books General Stacks Non-fiction    
      KAUAET KAUAET 31/03/2012 621.815 KHU/TE 22378 Books General Stacks Non-fiction    
      KAUAET KAUAET 31/03/2012 621.815 KHU/TE 22379 Books General Stacks Non-fiction    
      KAUAET KAUAET 31/03/2012 621.815 KHU/TE 22380 Books General Stacks Non-fiction    
      KAUAET KAUAET 31/03/2012 621.815 KHU/TE 22381 Books General Stacks Non-fiction    
      KAUAET KAUAET 31/03/2012 621.815 KHU/TE 22382 Books General Stacks Non-fiction    
      KAUAET KAUAET 14/02/2013 621.815 KHU/TE BB 102 Book Bank scheme for SC students Scheme   Penta Books Distributors, Calicut. 565.00
      KAUAET KAUAET 14/02/2013 621.815 KHU/TE BB 130 Book Bank scheme for SC students Scheme   T B S Publishers and Distributors, Calicut. 575.00
      KAUAET KAUAET 30/03/2013 621.815 KHU/TE 24074 Books General Stacks Non-fiction Aman Book Stall, Calicut 695.00
      KAUAET KAUAET 01/09/2016 621.815 KHU/TE BB 103 Book Bank scheme for SC students Scheme   Penta Books Distributors, Calicut. 565.00
free website counter